000 00427nam a2200169 a 4500
020 _a0070375755
040 _cDLC
082 0 0 _a613 MCG 1992 A041 Or.
100 1 _aLevy, Marvin R.
245 1 0 _aTargeting wellness :
_bthe core /
260 _aNew York :
_bMcGraw-Hill,
_cc1992.
300 _axiv, 369 p. :
_bill. ;
_c26 cm.
650 0 _aHealth.
700 1 _aDignan, Mark B.
700 1 _aShirreffs, Janet H.
942 _cEK
999 _c12197
_d12197